00324nam a2200121Ia 4500008004100000041000800041082001700049100002200066245004500088260002900133300003300162365000700195240624s9999 xx 000 0 und d aeng a332.6322 PAD aPADMANABHAN T K A aYOUR COMPLETE GUIDE TO BUY BACK OF SHARE c2005aNew DelhibTaxmann axviii, : 227 : p. : cm. ; 25 cRS